00729nam a22001937a 4500003000900000005001700009008004100026040001300067100004400080245010700124250001100231260005100242300001800293490003500311520006000346942001200406999001700418952010000435IT-RoPau20220918181106.0130524b xxu||||| |||| 00| 0 eng d cIT-RoPau aCentro di Promozione e Formazione 9600 aMio canto è il Signore.bCanti per le comunità delle della Famiglia Paolina. Libro delle partiture a4° ed aRomabCentro Promozione e Formazione SSPc1994 aS.n.p.c29 cm aCentro Promozione e Formazione aIndice Avvertenze Indice alfabetico Indice analitico  2ddccBK c98606d98606 00102ddc406P_D171aPAULUSbPAULUSd2013-05-24l0oP D1r2013-05-24 00:00:00w2013-05-24yBK